| 000 | 01796nam a22003257a 4500 | ||
|---|---|---|---|
| 005 | 20120102155647.0 | ||
| 008 | 120102t xxu||||| |||| 00| 0 eng d | ||
| 010 | _aENG-104539 | ||
| 020 |
_a97800701321129 _c695.00 |
||
| 020 |
_a00701321128 _c695.00 |
||
| 035 | _aEN-88072 | ||
| 037 | _bDBAD/PUB | ||
| 040 |
_aDPL _bEng |
||
| 082 | 0 | 0 |
_a658 _222 |
| 100 | 1 |
_aMaciariello, Joseph A. _937822 |
|
| 245 | 1 | 0 |
_aDrucker's lost art of management : _bPeter Drucker's timeless vision for building effective organizations / _cby Joseph A. Maciariello [and] Karen E. Linkletter |
| 260 |
_aNew Delhi _bTata McGraw-Hill _cc2011. |
||
| 270 |
_a7 West Patel Nagar _bNew Delhi _e110008 |
||
| 300 |
_aviii, 456 p. _c24cm(Hb) |
||
| 500 | _aIncludes bibliographical references (p. 409-440) and index. | ||
| 505 | 0 | _aOrigins of management as a liberal art in Peter Drucker's writings -- Management and liberal arts traditions : bridging the two worlds -- Contributions of management as a liberal art -- Federalism and the distribution of power and authority -- The human dimension and management as a liberal art -- Effective leadership as a liberal art -- Social ecology and the practice of management as a liberal art -- Applied social ecology : innovation and change for a hopeful and bearable society. | |
| 600 | 1 | 0 |
_aDrucker, Peter F. _q(Peter Ferdinand), _d1909-2005. _937823 |
| 650 | 0 |
_aManagement. _937824 |
|
| 650 | 0 |
_aSocial ecology. _937825 |
|
| 650 | 0 |
_aLeadership. _937826 |
|
| 700 | 1 |
_aLinkletter, Karen E. _937827 |
|
| 942 |
_2ddc _cEN _h658 _mMAC |
||
| 999 |
_c60119 _d60119 |
||